| 000 | 00536nam a2200169 i 4500 | ||
|---|---|---|---|
| 001 | 149396 | ||
| 003 | ES-MaACL | ||
| 005 | 20230906203102.0 | ||
| 007 | t| | ||
| 008 | 071022q19501959sp ||||1| ger d | ||
| 100 | 1 |
_aVarela, José Luis. _9113137 |
|
| 245 | 1 | 4 |
_aDer Spanische Mensch und seine Literatur des "Goldenen Zeitalters" / _cvon José Luis Varela. |
| 260 |
_a[S.l. : _bs.n., _c195-?] |
||
| 300 |
_a7 h. ; _c26 cm. |
||
| 500 | _aSonderdruck aus Saeculum III, Heft 3. Págs. 411-424. | ||
| 852 |
_aES-MaACL _j1612-F-13 _bR.33095 |
||
| 999 |
_c149396 _d149396 |
||